Statistics for Eurozone countries' former currencies

Click here to take the quiz!

General Stats

  • This quiz has been taken 137 times
  • The average score is 10 of 19

Answer Stats

CountryFormer currency% Correct
FranceFrench franc (FRF)
91%
GermanyDeutsche Mark (DEM)
90%
ItalyItalian lira (ITL)
87%
IrelandIrish pound (IEP)
82%
BelgiumBelgian franc (BEF)
79%
LuxembourgLuxembourgish franc (LUF)
75%
SpainSpanish peseta (ESP)
69%
GreeceGreek drachma/δραχμή (GRD)
65%
MaltaMaltese lira (MTL)
63%
NetherlandsDutch guilder (NLG)
54%
CyprusCypriot pound/lira/λίρα (CYP)
51%
PortugalPortuguese escudo (PTE)
51%
AustriaAustrian schilling (ATS)
47%
FinlandFinnish markka (FIM)
34%
SlovakiaSlovak koruna (SKK)
25%
LatviaLatvian lats (LVL)
24%
LithuaniaLithuanian litas (LTL)
21%
SloveniaSlovenian tolar (SIT)
21%
EstoniaEstonian kroon (EEK)
17%

Score Distribution

Percentile by Number Answered

Percent of People with Each Score

Your Score History

You have not taken this quiz